|
|
|
|
| LEADER |
02376nam a2200613 i 4500 |
| 001 |
nkc20203173032 |
| 003 |
CZ PrNK |
| 005 |
20200616120948.0 |
| 007 |
ta |
| 008 |
200127s2019 xr f 000 0 cze |
| 015 |
|
|
|a cnb003173032
|
| 020 |
|
|
|a 978-80-210-9472-7
|q (brožováno)
|
| 035 |
|
|
|a (OCoLC)1199989362
|
| 040 |
|
|
|a ABA001
|b cze
|e rda
|
| 041 |
0 |
|
|a cze
|b eng
|
| 072 |
|
7 |
|a 34
|x Právo
|2 Konspekt
|9 16
|
| 080 |
|
|
|a 34
|2 MRF
|
| 080 |
|
|
|a 342.537.3/.5
|2 MRF
|
| 080 |
|
|
|a 340.132
|2 MRF
|
| 080 |
|
|
|a 34:81'373.46
|2 MRF
|
| 080 |
|
|
|a (048.8:082)
|2 MRF
|
| 100 |
1 |
|
|a Škop, Martin,
|d 1977-
|7 mzk2005312782
|4 aut
|
| 245 |
1 |
0 |
|a Tvorba práva - empirické studie /
|c Martin Škop, Michal Malaník, Terezie Smejkalová, Markéta Štěpáníková, Barbora Vacková
|
| 250 |
|
|
|a 1. vydání
|
| 264 |
|
1 |
|a Brno :
|b Masarykova univerzita,
|c 2019
|
| 300 |
|
|
|a 229 stran ;
|c 21 cm
|
| 336 |
|
|
|a text
|b txt
|2 rdacontent
|
| 337 |
|
|
|a bez média
|b n
|2 rdamedia
|
| 338 |
|
|
|a svazek
|b nc
|2 rdacarrier
|
| 490 |
1 |
|
|a Spisy Právnické fakulty Masarykovy univerzity ; sv. č. 671 =
|a Acta Universitatis Brunensis Iuridica ; sv. č. 671.
|a Scientia
|
| 504 |
|
|
|a Obsahuje bibliografii a bibliografické odkazy
|
| 546 |
|
|
|a Anglické resumé
|
| 650 |
0 |
7 |
|a právo
|7 ph115914
|2 czenas
|
| 650 |
0 |
7 |
|a zákonodárství
|7 ph116797
|2 czenas
|
| 650 |
0 |
7 |
|a interpretace práva
|7 ph207466
|2 czenas
|
| 650 |
0 |
7 |
|a právní jazyk
|7 ph388293
|2 czenas
|
| 650 |
0 |
9 |
|a law
|2 eczenas
|
| 650 |
0 |
9 |
|a legislation
|2 eczenas
|
| 650 |
0 |
9 |
|a interpretation of law
|2 eczenas
|
| 650 |
0 |
9 |
|a legal language
|2 eczenas
|
| 655 |
|
7 |
|a kolektivní monografie
|7 fd501537
|2 czenas
|
| 655 |
|
9 |
|a collective monographs
|2 eczenas
|
| 700 |
1 |
|
|a Malaník, Michal,
|d 1990-
|7 mub2015893545
|4 aut
|
| 700 |
1 |
|
|a Smejkalová, Terezie
|7 jcu2010578712
|4 aut
|
| 700 |
1 |
|
|a Štěpáníková, Markéta,
|d 1987-
|7 mub2014806867
|4 aut
|
| 700 |
1 |
|
|a Vacková, Barbora,
|d 1979-
|7 xx0120692
|4 aut
|
| 810 |
2 |
|
|a Masarykova univerzita.
|b Právnická fakulta.
|t Spisy.
|p Řada teoretická.
|p Scientia
|0 s
|
| 910 |
2 |
|
|a BOA001
|b 2-1444.259
|
| 928 |
9 |
|
|a MUNI Press
|
| 990 |
|
|
|a BK
|
| 995 |
|
|
|a 01
|
| 991 |
|
|
|b 202002
|c NOV
|
| 996 |
6 |
|
|b 2610814249
|c 2-1444.259
|l MZK
|r Sklad / do 1 hodiny
|n 0
|p p.v.
|w 001781200
|u 000010
|a 1
|e BOA001
|j MZK50
|s P
|
| 996 |
7 |
|
|b 2610814250
|c 2-1444.259
|l Vol.výběr
|r VV 0p
|n 6
|p p.v.
|h 34 ŠKO
|w 001781200
|u 000020
|a 0
|e BOA001
|j MZK50
|s A
|